Stimulation from Leiden : (Record no. 602675)

MARC details
000 -LEADER
fixed length control field 00561nam a2200193 a 4500
001 - CONTROL NUMBER
control field 1765635237901
003 - CONTROL NUMBER IDENTIFIER
control field YourLibrary
005 - DATE AND TIME OF LATEST TRANSACTION
control field 20251216152705.0
008 - FIXED-LENGTH DATA ELEMENTS--GENERAL INFORMATION
fixed length control field 251213s2006##################000#0#eng##
020 ## - INTERNATIONAL STANDARD BOOK NUMBER
International Standard Book Number 9783631550496
082 04 - DEWEY DECIMAL CLASSIFICATION NUMBER
Classification number 221.6
Item number NIE
040 ## - CATALOGING SOURCE
Original cataloging agency YourLibrary
Language of cataloging eng
Transcribing agency YourLibrary
100 1# - MAIN ENTRY--PERSONAL NAME
Personal name Congress, International Organization for the Study of the Old Testament.,
Relator term author.
245 10 - TITLE STATEMENT
Title Stimulation from Leiden :
260 ## - PUBLICATION, DISTRIBUTION, ETC.
Name of publisher, distributor, etc. Peter Lang Pub Incorporated,
Date of publication, distribution, etc. 2006.
300 ## - PHYSICAL DESCRIPTION
Extent 318 pages
650 #0 - SUBJECT ADDED ENTRY--TOPICAL TERM
Topical term or geographic name entry element Religion.
942 ## - ADDED ENTRY ELEMENTS (KOHA)
Koha item type English Books
Holdings
Withdrawn status Lost status Damaged status Not for loan Home library Current library Shelving location Date acquired Total Checkouts Full call number Barcode Date last seen Price effective from Koha item type
        Anna Centenary Library Anna Centenary Library 3RD FLOOR, B WING 16.12.2025   221.6 NIE 217996 16.12.2025 16.12.2025 English Books

Find us on the map